| 000 | 01879nam a2200469Ii 4500 | ||
|---|---|---|---|
| 001 | DIGDOCEC0168 | ||
| 003 | NyNyDIG | ||
| 006 | m o d | ||
| 007 | cr ||||||||||| | ||
| 008 | 241203s2017 sp ob 000 0 spa d | ||
| 035 | _a(OCoLC)1478204218 | ||
| 040 |
_aDGITA _beng _erda _epn _cDGITA |
||
| 020 | _z9788497442107 | ||
| 043 |
_aaw----- _ae------ _aff----- |
||
| 050 | 1 | 4 | _aHD966 ebook |
| 100 | 1 |
_aLópez Pulido, Alfonso, _d1968- _eauthor. |
|
| 245 | 1 | 0 |
_aMundo rural norteafricano : _bRoma y los indígenas / _cAlfonso López Pulido. |
| 264 | 1 |
_a[Aranjuez, Madrid] : _bEdiciones Doce Calles, _c[2017] |
|
| 300 | _a1 online resource. | ||
| 336 |
_atext _btxt _2rdacontent |
||
| 337 |
_acomputer _bc _2rdamedia |
||
| 338 |
_aonline resource _bcr _2rdacarrier |
||
| 347 |
_atext file _2rdaft |
||
| 347 | _bPDF | ||
| 490 | 1 | _aAd acta | |
| 504 | _aIncludes bibliographical references. | ||
| 588 | 0 | _aOnline resource; title from PDF title page (Digitalia, viewed December 3, 2024) | |
| 651 | 0 |
_aAfrica (Roman province) _xRural conditions _xHistory. |
|
| 651 | 0 |
_aAfrica (Roman province) _xSocial conditions _xHistory. |
|
| 650 | 0 |
_aAgriculture _zAfrica (Roman province) _xHistory. |
|
| 650 | 0 |
_aNatural resources _zAfrica, North _xHistory. |
|
| 650 | 0 |
_aLatifundio _zAfrica (Roman province) _xHistory. |
|
| 650 | 0 |
_aRome _xColonies _zAfrica, North _xHistory. |
|
| 650 | 0 |
_aLand use, Rural _zAfrica (Roman province) _xHistory. |
|
| 791 | 2 |
_aDigitalia (Firm), _edistributor. |
|
| 793 | 0 |
_gDigitalia eBook Collection: _aEdiciones Doce Calles |
|
| 776 | 0 | 8 |
_iPrint version: _aLópez Pulido, Alfonso, 1968- _tMundo rural norteafricano. _d[Aranjuez, Madrid] : Ediciones Doce Calles, [2017] _z9788497442107 |
| 830 | 0 | _aAd acta. | |
| 856 | 4 | 0 |
_3Digitalia Hispánica _uhttps://www.digitaliapublishing.com/a/163190/ |
| 910 | _aPremium collection: 2024 | ||
| 942 | _cRAA | ||
| 999 |
_c289668 _d289668 |
||